=LDR 00000nam 2200000 4500 =001 INLIS000000000016024 =005 20130612111311 =008 ***********************************Ind** =035 ##$$0010-061300000016024 =041 ##$$a Ind =082 ##$$a 345.05 =090 ##$$a 345.05, Mar t =100 ##$$a Marpaung, Leden =245 ##$$a Tindak pidana terhadap hak atas kekayaan intelektual, Leden Marpaung, SH =260 ##$$a 1995 $b Jakarta =300 ##$$a X-249 hlm., 23 cm =650 ##$$a Hukum pidana - Pembajakan hak cipta =850 ##$$a NBPNMAT